000 00653nam a2200157Ia 4500
008 220216s9999 xx 000 0 und d
100 _aThomas M
245 0 _aBiochemical and ionic composition of latex related to yield attributes and productivity in Hevea brasiliensis
260 _bNational Conference on Frontiers in Plant Physiology Towards Sustainable Agriculture, 5-7 November 2009, Indian Society for Plant Physiology and Assam Agricultural University, Jorhat, Assam, abstract no. 11-11.
700 _aAbraham J
700 _aGopalakrishnan J
700 _aJacob J
700 _aKrishnakumar R.
700 _aPrasannakumari P
942 _cBS
999 _c49629
_d49629